Molecular and cellular biophysics
Sparad:
| Huvudupphovsman: | |
|---|---|
| Materialtyp: | Bok |
| Språk: | engelska |
| Publicerad: |
Cambridge
Cambridge University
2006
|
| Upplaga: | 1a. ed |
| Ämnen: | |
| Taggar: |
Lägg till en tagg
Inga taggar, Lägg till första taggen!
|
MARC
| LEADER | 00000nam a2200000 a 4500 | ||
|---|---|---|---|
| 001 | UCH7821 | ||
| 003 | CL-VaPUC | ||
| 008 | 091126e20060000uk |||||||||||||||||eng|d | ||
| 020 | |a 9780521624701 | ||
| 020 | |a 0521624703 | ||
| 082 | 0 | 4 | |a 571.4 |b JAC |2 21 |
| 100 | 0 | |a Jackson, Meyer B |e author |9 544169 | |
| 245 | 1 | 0 | |a Molecular and cellular biophysics |
| 250 | |a 1a. ed | ||
| 300 | |a 512 p | ||
| 942 | |c BK | ||
| 945 | |d 20091126 00:00:00 |a cmena | ||
| 260 | |a Cambridge |b Cambridge University |c 2006 | ||
| 650 | 0 | |a Biofísica |9 271309 | |
| 650 | 7 | |a FUERZA MOLECULAR |2 CL-VaPUC |9 544170 | |
| 650 | 0 | |a Moléculas |9 259584 | |
| 583 | |a last modification |c 20130806 05:47:57 |k Rodrigo Vera | ||
| 999 | |c 338169 |d 338167 | ||
| 952 | |0 0 |1 0 |4 0 |6 571_400000000000000_JAC_2006 |7 0 |8 A |9 431033 |a BIBCUR |b BIBCUR |d 2019-11-22 |i 4621980 |l 2 |o 571.4 JAC 2006 |p 4621980 |q 2025-05-16 |r 2025-04-22 |s 2025-04-16 |w 2019-11-22 |y BK |k DCF | ||